Lyrics to 'Mi Nuevo Vicio' by Morat - Statistics

General Stats
  • This quiz has been taken 69 times
  • The average score is 370 of 389
Answer Stats
Answer % Correct
a
100%
¿a
100%
cargado
100%
cartas
100%
cartas?
100%
cuestión
100%
cuestion
100%
dados?
100%
de
100%
dejo
100%
digo
100%
Eres
100%
eres
100%
es
100%
esta
100%
esto
100%
jugando
100%
La
100%
la
100%
lado
100%
las
100%
los
100%
Mañana
100%
me
100%
mentiras
100%
mesa
100%
mi
100%
Mi
100%
No
100%
no
100%
nuevo
100%
Oh
100%
¿Por
100%
¿por
100%
que
100%
qué
100%
Sabiendo
100%
se
100%
100%
Se
100%
seguimos
100%
Si
100%
solo
100%
suerte
100%
te
100%
tienes
100%
Tu
100%
tu
100%
un
100%
una
100%
va
100%
veras
100%
vicio
100%
volver
100%
y
100%
Y
100%
Yo
100%
as
93%
bailando
93%
bajo
93%
caigo
93%
Entiende
93%
entiende
93%
fria
93%
manga
93%
manos
93%
mias
93%
nada
93%
Nada
93%
noche
93%
otra
93%
pasa
93%
perdida
93%
piso
93%
poder
93%
quiero
93%
sin
93%
todo
93%
vez
93%
acabarlo
86%
apostar
86%
contare
86%
engañando?
86%
este
86%
estoy
86%
jugar
86%
lo
86%
nunca
86%
pensar
86%
pierde
86%
quieres
86%
tan
86%
tango?
86%
tarde
86%
tus
86%
ya
86%
casa
79%
contigo
79%
Darle
79%
dejar
79%
del
79%
dices
79%
doler
79%
empieza
79%
ganas
79%
intentando
79%
Mis
79%
muy
79%
parece
79%
Pero
79%
quien
79%
seduce
79%
tal
79%
tengo
79%
Trato
79%
como
71%
inocente
71%
pierdo
71%
vuelta
71%
siempre
64%
trampa
64%
consumen
57%
irte
57%
lejos
57%
Admito
50%
falte
50%
espero
36%
vinimos
29%
No matching quizzes found
Score Distribution
Percent of People with Each Score
Percentile by Number Answered
Your Score History
You have not taken this quiz